| 000 | 01112nam0a22002411 4500 | ||
|---|---|---|---|
| 001 | rc\765139 | ||
| 005 | 20040301142802.6 | ||
| 035 | _a(NLR Aleph) 006292369 | ||
| 090 |
_a7163701 _c7163701 |
||
| 100 | _a20040301d1985 u |0rusy50 ca | ||
| 101 | 0 | _arus | |
| 102 | _aRU | ||
| 105 | _ay ||||||||| | ||
| 200 | 1 |
_aРЕКОМЕНДАЦИИ по рациональному использованию сырья и примерному расчету зданий по сбору пищевых отходов предприятиями общественного питания _fМ-во торговли УССР, Киев. торг.-экон. ин-т, Гл. упр. обществ. питания МТ УССР _g[Сост. А.И. Здобнов, к. т. н. и др.] |
|
| 210 |
_aКиев _cБ. и. _d1985 |
||
| 215 |
_a11 с. _d20 |
||
| 702 | 1 |
_aЗдобнов _bА. И. _gАлексей Иванович _4220 |
|
| 712 | 0 | 2 |
_aКиевский торгово-экон. ин-т _3RU\NLR\AUTH\889963864 |
| 801 | 0 |
_aRU _bNLR _gpsbo |
|
| 801 | 1 |
_aRU _bELAR _2rusmarc |
|
| 852 |
_aNLR _j87-4/20891 |
||
| 942 | _cBOOK | ||
| 980 | _aNB | ||